Every City in Illinois on a Map - Statistics

General Stats
  • This quiz has been taken 8,000 times
  • The average score is 89 of 1295
Answers on the Map
Answers color-coded by a green-red scale on the quiz's map according to % correct below.
 
Answer Stats
Municipality Population % Correct
Chicago 2,746,388
97%
Springfield 114,394
82%
Rock City 293
61%
Peoria 113,150
60%
Aurora 180,542
58%
Rockford 148,655
57%
Naperville 149,540
56%
Champaign 88,302
54%
Joliet 150,362
52%
East St. Louis 18,469
48%
Evanston 78,110
48%
Lincoln 13,288
45%
Urbana 38,336
45%
Bloomington 78,680
44%
North City 509
43%
West City 656
42%
Washington 16,071
39%
Elgin 114,797
38%
Decatur 70,522
35%
Normal 52,736
35%
Arlington 169
34%
Schaumburg 78,723
34%
Waukegan 89,321
34%
Cicero 85,268
33%
Cairo 1,733
32%
Moline 42,985
31%
Oak Park 54,583
31%
Carbondale 21,857
30%
DeKalb 40,290
29%
Skokie 67,824
29%
Arlington Heights 77,676
28%
Kankakee 24,052
28%
Quincy 39,463
28%
Rock Island 37,108
28%
Des Plaines 60,675
27%
Madison 3,171
27%
West Chicago 25,614
27%
North Chicago 30,759
26%
Park City 7,885
26%
Paris 8,291
25%
Buffalo 447
24%
Wheaton 53,970
24%
Bolingbrook 73,922
23%
Franklin 610
23%
Jacksonville 17,616
23%
St. Charles 33,081
23%
Danville 29,204
22%
Downers Grove 50,247
22%
Edwardsville 26,808
22%
Highland 9,991
22%
Palatine 67,908
22%
Charleston 17,286
21%
Elmhurst 45,786
21%
Galena 3,308
21%
Geneva 21,393
21%
Orland Park 58,703
21%
Alton 25,676
20%
Chicago Heights 27,480
20%
Crystal Lake 40,269
20%
Gurnee 30,706
20%
Oak Lawn 58,362
20%
Tinley Park 55,971
20%
Belleville 42,404
19%
Forrest 1,041
19%
Frankfort 20,296
19%
Glenview 48,705
19%
Highland Park 30,176
19%
Lake Forest 19,367
19%
Morton 17,117
19%
Plainfield 44,762
19%
Wilmette 28,170
19%
Zion 24,655
19%
Barrington 10,722
18%
Berwyn 57,250
18%
Buffalo Grove 43,212
18%
Dix 469
18%
Effingham 12,252
18%
Hoffman 439
18%
Liberty 543
18%
Lombard 44,476
18%
Niles 30,912
18%
Winnetka 12,744
18%
Columbia 10,999
17%
East Moline 21,374
17%
Elk Grove Village 32,812
17%
Forest City 222
17%
Galesburg 30,052
17%
Northbrook 35,222
17%
Oswego 34,585
17%
Ottawa 18,840
17%
Romeoville 39,863
17%
Rosemont 3,952
17%
Salem 7,282
17%
Warren 1,323
17%
Batavia 26,098
16%
Calumet City 36,033
16%
Clinton 7,004
16%
Deerfield 19,196
16%
Dixon 15,274
16%
East Peoria 22,484
16%
Glen Ellyn 28,846
16%
Hoffman Estates 52,530
16%
LaSalle 9,582
16%
Marion 16,855
16%
McHenry 27,135
16%
Morris 14,163
16%
Mount Prospect 56,852
16%
Mount Vernon 14,600
16%
Oak Brook 8,163
16%
Park Ridge 39,656
16%
Pekin 31,731
16%
Peru 9,896
16%
Vernon 103
16%
Wheeling 39,137
16%
Addison 35,702
15%
Athens 1,977
15%
Berlin 141
15%
Brookfield 19,476
15%
Greenville 7,083
15%
Hanover 863
15%
Hinsdale 17,395
15%
Libertyville 20,579
15%
Richmond 2,089
15%
Algonquin 29,700
14%
Antioch 14,622
14%
Chester 6,814
14%
Columbus 114
14%
Harvard 9,469
14%
La Grange 16,321
14%
Lake Zurich 19,759
14%
Lansing 29,076
14%
Lee 313
14%
Lisle 24,223
14%
Macomb 15,051
14%
Montgomery 20,262
14%
Mundelein 31,560
14%
Pontiac 11,150
14%
Riverside 9,298
14%
Rochester 3,863
14%
South Elgin 23,865
14%
Woodstock 25,630
14%
Anna 4,303
13%
Bartlett 41,105
13%
Belvidere 25,339
13%
Carol Stream 39,854
13%
Coal City 5,705
13%
Elmwood 2,058
13%
Evansville 547
13%
Freeport 23,973
13%
Hamilton 2,753
13%
Harrisburg 8,219
13%
Harvey 20,324
13%
Lockport 26,094
13%
Manchester 265
13%
Metropolis 5,969
13%
North Aurora 18,261
13%
O'Fallon 32,289
13%
Round Lake 18,721
13%
Sandwich 7,221
13%
Sterling 14,764
13%
Vernon Hills 26,850
13%
Yorkville 21,533
13%
Albany 864
12%
Blue Island 22,558
12%
Bradley 15,419
12%
Burlington 535
12%
Cambridge 2,086
12%
Carpentersville 37,983
12%
Cary 17,826
12%
Cleveland 163
12%
Collinsville 24,366
12%
Forest Park 14,339
12%
Fox Lake 10,978
12%
Glencoe 8,849
12%
Granite City 27,549
12%
Grayslake 21,248
12%
Homewood 19,463
12%
Lemont 17,629
12%
Lexington 2,090
12%
Louisville 1,136
12%
Milan 5,097
12%
Morton Grove 25,297
12%
Nashville 3,105
12%
Princeton 7,832
12%
Rolling Meadows 24,200
12%
Sycamore 18,577
12%
Troy 10,960
12%
Wayne 2,286
12%
Wayne City 994
12%
Alsip 19,063
11%
Benton 6,709
11%
Bloomingdale 22,382
11%
Bourbonnais 18,164
11%
Burbank 29,439
11%
Canton 13,242
11%
Central City 1,098
11%
Darien 22,011
11%
Davis 589
11%
Dolton 21,426
11%
Henry 2,320
11%
Homer 1,073
11%
Huntley 27,740
11%
Kingston 1,108
11%
Lakewood 4,283
11%
Lincolnshire 7,940
11%
Mattoon 16,870
11%
Maywood 23,512
11%
Melrose Park 24,796
11%
New Lenox 27,214
11%
Oak Forest 27,478
11%
Rantoul 12,371
11%
River Forest 11,717
11%
Roselle 22,897
11%
Round Lake Beach 27,252
11%
Streamwood 39,577
11%
Union 551
11%
Villa Park 22,263
11%
White City 212
11%
Atlanta 1,669
10%
Bellevue 1,878
10%
Bensenville 18,813
10%
Browns 139
10%
Chatham 14,377
10%
Dallas City 805
10%
Elizabeth 694
10%
Elmwood Park 24,521
10%
Erie 1,518
10%
Franklin Park 18,467
10%
Genoa 5,298
10%
Georgetown 3,143
10%
Glendale Heights 33,176
10%
Hanover Park 37,470
10%
Inverness 7,616
10%
Itasca 9,543
10%
Kenilworth 2,514
10%
Knoxville 2,901
10%
La Fayette 160
10%
Lake in the Hills 28,982
10%
Lincolnwood 13,463
10%
Loves Park 23,397
10%
Manhattan 9,385
10%
Marengo 7,568
10%
Mason 323
10%
Mason City 2,077
10%
Norridge 15,251
10%
Northfield 5,751
10%
Oregon 3,604
10%
Palos Heights 12,068
10%
Palos Hills 18,530
10%
Plano 11,847
10%
Prospect Heights 16,058
10%
Robbins 4,629
10%
Rochelle 9,446
10%
South Barrington 5,077
10%
South Beloit 7,989
10%
St. Joseph 3,810
10%
Vienna 1,343
10%
Warrenville 13,553
10%
Warsaw 1,510
10%
Wauconda 14,084
10%
Westchester 16,892
10%
Westmont 24,429
10%
Wilmington (Greene County) 91
10%
Wilmington (Will County) 5,664
10%
Woodridge 34,158
10%
Augusta 553
9%
Barrington Hills 4,114
9%
Bridgeview 17,027
9%
Burr Ridge 11,192
9%
Centralia 12,182
9%
Cherry 435
9%
Dover 135
9%
East Dubuque 1,505
9%
Edinburg 1,085
9%
Eureka 5,227
9%
Fairfield 4,883
9%
Flossmoor 9,704
9%
Hammond 508
9%
Hampshire 7,667
9%
Hampton 1,779
9%
Hartford 1,185
9%
Hillside 8,320
9%
Homer Glen 24,543
9%
Kane 296
9%
Kewanee 12,509
9%
Lake Bluff 5,616
9%
Lebanon 4,691
9%
Lyons 10,817
9%
Macon 1,177
9%
Mark 519
9%
Minooka 12,758
9%
Mokena 19,887
9%
Naples 100
9%
Newton 2,777
9%
Ohio 465
9%
Pittsburg 565
9%
Plymouth 436
9%
Riverdale 10,663
9%
Rockton 7,863
9%
Savanna 2,783
9%
Shelbyville 4,674
9%
South Holland 21,465
9%
St. Johns 163
9%
St. Peter 322
9%
Taylorville 10,506
9%
Toledo 1,161
9%
Trenton 2,690
9%
Vandalia 7,458
9%
Venice 1,498
9%
West Dundee 7,686
9%
Worth 10,970
9%
Arthur 2,231
8%
Auburn 4,574
8%
Bellwood 18,789
8%
Berkeley 5,338
8%
Bridgeport 1,800
8%
Brighton 2,221
8%
Carthage 2,490
8%
Chillicothe 6,128
8%
Concord 150
8%
Country Club Hills 16,775
8%
Crete 8,465
8%
Deer Park 3,681
8%
Detroit 76
8%
Dwight 4,032
8%
Elburn 6,175
8%
El Paso 2,756
8%
Evergreen Park 19,943
8%
Fairview 426
8%
Farmer City 1,828
8%
Farmington 2,389
8%
Fayetteville 302
8%
Fulton 3,647
8%
Germantown 1,324
8%
Glasgow 113
8%
Glenwood 8,662
8%
Golf 514
8%
Hamburg 99
8%
Havana 2,963
8%
Lisbon 271
8%
Liverpool 94
8%
Long Grove 8,366
8%
Mahomet 9,434
8%
Marshall 3,947
8%
Matteson 19,073
8%
McLean 743
8%
Morrison 4,085
8%
Newark 973
8%
Northlake 12,840
8%
Oakland 739
8%
Oakwood 1,325
8%
Palos Park 4,899
8%
Park Forest 21,687
8%
Phoenix 1,708
8%
Prairie City 407
8%
Raleigh 284
8%
Sheffield 821
8%
Sparta 4,095
8%
Streator 12,500
8%
Sugar Grove 9,278
8%
Swansea 14,386
8%
Waterloo 11,013
8%
Western Springs 13,629
8%
West Peoria 4,263
8%
Willowbrook 9,236
8%
Winchester 1,574
8%
Winfield 9,835
8%
Winnebago 2,940
8%
Winthrop Harbor 6,705
8%
Wood Dale 14,012
8%
Bannockburn 1,013
7%
Beach Park 14,249
7%
Benson 412
7%
Broadview 7,998
7%
Brooklyn 649
7%
Byron 3,784
7%
Cahokia Heights 17,894
7%
Carrollton 2,485
7%
Casey 2,404
7%
Chicago Ridge 14,433
7%
Clay City 847
7%
Countryside 6,420
7%
Cuba 1,184
7%
East Dundee 3,152
7%
Florence 17
7%
Fox River Grove 4,702
7%
Geneseo 6,539
7%
Harwood Heights 9,065
7%
Henderson 266
7%
Hickory Hills 14,505
7%
Highwood 5,074
7%
Hillsboro 5,902
7%
Hudson 1,753
7%
Jeffersonville 355
7%
Jerseyville 8,337
7%
Johnston City 3,384
7%
Jonesboro 1,711
7%
Justice 12,600
7%
Kansas 670
7%
La Grange Park 13,475
7%
Lake Barrington 5,100
7%
Lake Villa 8,741
7%
Litchfield 6,605
7%
Machesney Park 22,950
7%
Marseilles 4,845
7%
Mendota 7,061
7%
Midlothian 14,325
7%
Monee 5,128
7%
Monmouth 8,902
7%
Monticello 5,941
7%
Murphysboro 7,093
7%
North Barrington 3,171
7%
Oakbrook Terrace 2,751
7%
Olney 8,701
7%
Omaha 209
7%
Pana 5,199
7%
Paxton 4,450
7%
Peoria Heights 5,908
7%
Petersburg 2,258
7%
River Grove 10,612
7%
Rock Falls 8,789
7%
Roscoe 10,983
7%
Savoy 8,857
7%
Schiller Park 11,709
7%
Sherman 4,673
7%
Shorewood 18,186
7%
Ste. Marie 238
7%
Stockton 1,728
7%
Summit 11,161
7%
Tuscola 4,636
7%
University Park 7,145
7%
Volo 6,122
7%
Albion 1,971
6%
Amboy 2,278
6%
Arcola 2,927
6%
Ashland 1,218
6%
Bartonville 5,945
6%
Beardstown 5,951
6%
Bedford Park 602
6%
Bradford 676
6%
Brussels 116
6%
Buda 482
6%
Bush 241
6%
Calumet Park 7,025
6%
Carlinville 5,710
6%
Carmi 4,865
6%
Carterville 5,848
6%
Channahon 13,383
6%
Cherry Valley 2,905
6%
Clarendon Hills 8,702
6%
Crest Hill 20,459
6%
Crestwood 10,826
6%
Dakota 500
6%
Dalton City 454
6%
Downs 1,201
6%
Dunlap 1,603
6%
Du Quoin 5,827
6%
Essex 841
6%
Fisher 2,062
6%
Gibson City 3,475
6%
Glen Carbon 13,842
6%
Hardin 801
6%
Hazel Crest 13,382
6%
Hebron 1,368
6%
Herrin 12,352
6%
Iroquois 133
6%
Irving 373
6%
Johnsburg 6,355
6%
Johnsonville 72
6%
Kaskaskia 21
6%
Kildeer 4,091
6%
Lindenhurst 14,406
6%
Lynwood 9,116
6%
Maple Park 1,433
6%
Markham 11,661
6%
Maryville 8,221
6%
Metamora 3,904
6%
Milton 214
6%
Mound City 526
6%
Mount Carmel 7,015
6%
Mount Zion 6,019
6%
Nauvoo 950
6%
New Berlin 1,381
6%
New Haven 399
6%
Oglesby 3,712
6%
Olympia Fields 4,718
6%
Orland Hills 6,893
6%
Pawnee 2,678
6%
Peotone 4,150
6%
Pittsfield 4,206
6%
Pulaski 154
6%
Riverton 3,532
6%
Riverwoods 3,790
6%
Roanoke 1,960
6%
Robinson 7,150
6%
Sauk Village 9,921
6%
Seneca 2,353
6%
Sheridan 2,431
6%
Shiloh 14,098
6%
Spring Valley 5,582
6%
Stanford 600
6%
Stickney 7,110
6%
Sullivan 4,413
6%
Thornton 2,386
6%
Valley City 14
6%
Victoria 268
6%
Virginia 1,514
6%
Williamsville 1,425
6%
Willow Springs 5,857
6%
Windsor (Mercer County) 668
6%
Windsor (Shelby County) 1,079
6%
Wyoming 1,300
6%
Aledo 3,633
5%
Ashton 967
5%
Avon 704
5%
Bath 279
5%
Beecher 4,713
5%
Beecher City 428
5%
Bellmont 247
5%
Big Rock 1,104
5%
Braidwood 6,194
5%
Buckley 495
5%
Burnham 4,046
5%
Butler 164
5%
Campton Hills 10,885
5%
Carlyle 3,253
5%
Chesterfield 170
5%
Christopher 2,697
5%
Clifton 1,352
5%
Creve Coeur 4,934
5%
De Witt 160
5%
Diamond 2,640
5%
Dixmoor 2,973
5%
Dupo 3,996
5%
East Alton 5,786
5%
Easton 312
5%
Elkhart 450
5%
Elwood 2,229
5%
Fairview Heights 16,706
5%
Fillmore 305
5%
Flora 4,803
5%
Ford Heights 1,813
5%
Forsyth 3,734
5%
Gardner 1,366
5%
Gilberts 8,366
5%
Gilman 1,738
5%
Godfrey 17,825
5%
Greenwood 324
5%
Hanna City 1,253
5%
Hawthorn Woods 9,062
5%
Hennepin 769
5%
Hinckley 2,006
5%
Hodgkins 1,500
5%
Hometown 4,343
5%
Hoopeston 4,915
5%
Indian Head Park 4,065
5%
Island Lake 8,051
5%
Kirkland 1,650
5%
Lacon 1,878
5%
Lakemoor 6,182
5%
Lawrenceville 4,164
5%
Leland 951
5%
Lena 2,772
5%
Le Roy 3,512
5%
Lewistown 2,041
5%
Lima 148
5%
Livingston 763
5%
Mackinaw 1,879
5%
Malta 1,143
5%
Mansfield 928
5%
Manteno 9,210
5%
Maroa 1,577
5%
Mascoutah 8,754
5%
McCook 249
5%
Mettawa 533
5%
Middletown 329
5%
Milford 1,158
5%
Muncie 157
5%
Nelson 127
5%
Norris 173
5%
Norris City 1,145
5%
North Riverside 7,426
5%
Norwood 437
5%
Oak Grove 476
5%
Ogden 729
5%
Palestine 1,233
5%
Paw Paw 830
5%
Perry 314
5%
Pinckneyville 5,066
5%
Pingree Grove 10,365
5%
Polo 2,291
5%
Poplar Grove 5,049
5%
Port Barrington 1,584
5%
Posen 5,632
5%
Richton Park 12,775
5%
Roberts 345
5%
Rockdale 2,012
5%
Roseville 892
5%
Royal 293
5%
San Jose 479
5%
Silvis 8,003
5%
Spring Grove 5,487
5%
St. Anne 1,161
5%
Steger 9,584
5%
Stone Park 4,576
5%
Tolono 3,604
5%
Topeka 60
5%
Tremont 2,277
5%
Verona 208
5%
Wadsworth 3,517
5%
Watseka 4,679
5%
Wellington 206
5%
Westfield 536
5%
West Frankfort 7,275
5%
Wonder Lake 3,973
5%
Wood River 10,464
5%
Abingdon 2,951
4%
Altamont 2,216
4%
Anchor 163
4%
Andover 555
4%
Apple River 347
4%
Ashley 462
4%
Ava 553
4%
Baldwin 314
4%
Barry 1,303
4%
Bethalto 9,310
4%
Bismarck 582
4%
Breese 4,641
4%
Brimfield 778
4%
Buckingham 244
4%
Bull Valley 1,128
4%
Calhoun 164
4%
Camden 62
4%
Capron 1,395
4%
Caseyville 4,400
4%
Cedarville 663
4%
Chatsworth 1,185
4%
Chenoa 1,720
4%
Clayton 639
4%
Coal Valley 3,873
4%
Colchester 1,108
4%
Colfax 996
4%
Colona 5,045
4%
Compton 274
4%
Congerville 497
4%
Cornell 446
4%
Cortland 4,398
4%
Danvers 1,089
4%
Davis Junction 2,512
4%
Dawson 519
4%
Deer Creek 667
4%
Delavan 1,568
4%
De Pue 1,633
4%
De Soto 1,407
4%
Durand 1,390
4%
Earlville 1,613
4%
East Hazel Crest 1,297
4%
Eldorado 3,743
4%
Elizabethtown 220
4%
Exeter 87
4%
Fairbury 3,633
4%
Fairmont City 2,265
4%
Forest View 792
4%
Forreston 1,435
4%
Freeburg 4,582
4%
Galva 2,470
4%
Germantown Hills 3,412
4%
Golconda 630
4%
Golden 648
4%
Goodfield 936
4%
Grafton 626
4%
Grant Park 1,294
4%
Granville 1,359
4%
Greenfield 1,059
4%
Green Oaks 4,128
4%
Gridley 1,456
4%
Hainesville 3,546
4%
Heyworth 2,791
4%
Hillcrest 1,224
4%
Hillsdale 417
4%
Hull 392
4%
Ina 1,641
4%
Junction 56
4%
Junction City 527
4%
Kaneville 452
4%
Lanark 1,504
4%
Lily Lake 1,032
4%
Loda 356
4%
Manito 1,552
4%
Mapleton 261
4%
Marissa 1,833
4%
Marquette Heights 2,541
4%
Martinsville 1,118
4%
McLeansboro 2,675
4%
Merrionette Park 1,969
4%
Millstadt 4,071
4%
Minonk 1,928
4%
Momence 3,117
4%
Montrose 210
4%
Mounds 661
4%
Mount Carroll 1,479
4%
Mount Morris 2,861
4%
Mount Olive 2,015
4%
Mount Pulaski 1,537
4%
Mount Sterling 2,006
4%
New Athens 1,955
4%
New Salem 121
4%
North Pekin 1,478
4%
North Utica 1,323
4%
Oakdale 199
4%
Odell 1,003
4%
Old Mill Creek 162
4%
Onarga 1,333
4%
Oneida 696
4%
Orangeville 766
4%
Orion 1,754
4%
Panama 337
4%
Pearl 103
4%
Pearl City 790
4%
Pecatonica 2,090
4%
Pontoon Beach 5,876
4%
Princeville 1,636
4%
Prophetstown 1,946
4%
Raymond 949
4%
Red Bud 3,804
4%
Reynolds 498
4%
Round Lake Heights 2,622
4%
Round Lake Park 7,680
4%
Roxana 1,454
4%
Rushville 3,005
4%
Shannon 801
4%
Shawneetown 1,054
4%
Sleepy Hollow 3,214
4%
Smithton 4,006
4%
Somonauk 1,786
4%
South Chicago Heights 4,026
4%
South Pekin 996
4%
Staunton 5,054
4%
Steward 229
4%
Teutopolis 1,618
4%
Third Lake 1,111
4%
Toulon 1,193
4%
Towanda 431
4%
Tower Lakes 1,226
4%
Vermont 570
4%
Versailles 446
4%
Virgil 289
4%
Walnut 1,311
4%
Washington Park 2,592
4%
Waterman 1,433
4%
Waverly 1,194
4%
Wenona 974
4%
Williamson 183
4%
Woodland 248
4%
Woodlawn 617
4%
Xenia 380
4%
Yale 67
4%
Addieville 259
3%
Adeline 78
3%
Albers 1,121
3%
Alexis 793
3%
Alhambra 622
3%
Allendale 458
3%
Allenville 132
3%
Alma 318
3%
Alpha 675
3%
Altona 463
3%
Alto Pass 319
3%
Andalusia 1,184
3%
Annawan 884
3%
Argenta 913
3%
Aroma Park 664
3%
Arrowsmith 276
3%
Ashkum 750
3%
Assumption 1,155
3%
Astoria 929
3%
Atkinson 965
3%
Atwood 1,116
3%
Aviston 2,340
3%
Banner 169
3%
Bay View Gardens 354
3%
Beaverville 306
3%
Belgium 358
3%
Bellflower 346
3%
Bement 1,484
3%
Benld 1,464
3%
Bethany 1,255
3%
Bingham 60
3%
Blue Mound 1,133
3%
Bluffs 618
3%
Bondville 388
3%
Bonnie 374
3%
Braceville 724
3%
Brownstown 690
3%
Bryant 168
3%
Bunker Hill 1,630
3%
Bureau Junction 281
3%
Bushnell 2,718
3%
Caledonia 183
3%
Cambria 1,505
3%
Campus 149
3%
Carbon Cliff 1,846
3%
Carbon Hill 372
3%
Carlock 548
3%
Carrier Mills 1,672
3%
Catlin 1,983
3%
Cave-In-Rock 228
3%
Cedar Point 266
3%
Cerro Gordo 1,316
3%
Chadwick 481
3%
Chebanse 1,044
3%
Chrisman 1,312
3%
Cissna Park 817
3%
Claremont 161
3%
Cobden 1,074
3%
Cooksville 157
3%
Cordova 671
3%
Creal Springs 505
3%
Creston 627
3%
Cullom 520
3%
Dana 162
3%
De Land 447
3%
Dongola 661
3%
Dorchester 133
3%
East Cape Girardeau 289
3%
East Galesburg 763
3%
Edgewood 398
3%
Elkville 838
3%
Elliott 274
3%
Ellsworth 184
3%
Emden 467
3%
Energy 974
3%
Farmersville 689
3%
Flanagan 1,010
3%
Franklin Grove 896
3%
Galatia 827
3%
German Valley 433
3%
Gifford 911
3%
Gillespie 3,168
3%
Girard 1,785
3%
Glasford 866
3%
Goreville 1,068
3%
Grand Tower 479
3%
Grandview 1,405
3%
Grayville 1,550
3%
Greenup 1,365
3%
Green Valley 630
3%
Greenview 745
3%
Hamel 929
3%
Harmon 111
3%
Harristown 1,310
3%
Hartsburg 262
3%
Hecker 429
3%
Herscher 1,521
3%
Holiday Hills 618
3%
Hopedale 830
3%
Hopewell 421
3%
Humboldt 361
3%
Hurst 764
3%
Illiopolis 846
3%
Indian Creek 536
3%
Indianola 227
3%
Jerome 1,692
3%
Joy 372
3%
Kappa 229
3%
Karnak 430
3%
Kell 173
3%
Kenney 311
3%
Kingston Mines 266
3%
Ladd 1,263
3%
La Moille 679
3%
Leaf River 432
3%
Leland Grove 1,454
3%
Limestone 1,558
3%
Littleton 139
3%
Lostant 423
3%
Ludlow 308
3%
Lyndon 537
3%
Magnolia 256
3%
Malden 318
3%
Marine 912
3%
Mazon 979
3%
McCullom Lake 988
3%
Mechanicsburg 662
3%
Melvin 416
3%
Menominee 211
3%
Millbrook 277
3%
Milledgeville 1,026
3%
Mineral 206
3%
Minier 1,154
3%
Monroe Center 411
3%
Moweaqua 1,764
3%
Naplate 412
3%
Neoga 1,398
3%
Neponset 427
3%
New Baden 3,428
3%
New Bedford 76
3%
New Boston 613
3%
Newman 778
3%
New Milford 794
3%
Noble 633
3%
Nokomis 2,142
3%
Nora 107
3%
Oakwood Hills 2,076
3%
Oblong 1,371
3%
Odin 935
3%
Okawville 1,369
3%
Old Shawneetown 113
3%
Oquawka 1,134
3%
Palmer 216
3%
Palmyra 605
3%
Parkersburg 186
3%
Percy 906
3%
Philo 1,392
3%
Piper City 745
3%
Plattville 220
3%
Pleasant Hill 924
3%
Pleasant Plains 808
3%
Pocahontas 697
3%
Port Byron 1,668
3%
Prairie Grove 1,963
3%
Ramsey 911
3%
Rapids City 964
3%
Ringwood 844
3%
Rio 209
3%
Rossville 1,221
3%
Royalton 1,068
3%
Rutland 259
3%
Sandoval 1,157
3%
Sauget 141
3%
Saunemin 406
3%
Scales Mound 436
3%
Seaton 214
3%
Secor 342
3%
Sesser 1,888
3%
Shabbona 863
3%
Sheldon 965
3%
Sibley 288
3%
Sidney 1,208
3%
Simpson 44
3%
Smithfield 191
3%
Southern View 1,596
3%
South Jacksonville 3,302
3%
South Roxana 1,891
3%
Sparland 366
3%
Spaulding 801
3%
Spring Bay 474
3%
Standard 225
3%
Standard City 135
3%
St. David 522
3%
Steeleville 1,930
3%
St. Elmo 1,254
3%
Stillman Valley 1,075
3%
St. Jacob 1,358
3%
Strasburg 531
3%
St. Rose 459
3%
Sublette 380
3%
Summerfield 347
3%
Sumner 2,631
3%
Tamms 430
3%
Tampico 689
3%
Tennessee 101
3%
Thebes 208
3%
Thomasboro 1,034
3%
Thompsonville 486
3%
Thomson 1,610
3%
Tilton 2,660
3%
Timberlane 906
3%
Toluca 1,340
3%
Tonica 749
3%
Trout Valley 515
3%
Troy Grove 225
3%
Ullin 466
3%
Valmeyer 1,233
3%
Varna 375
3%
Vermilion 203
3%
Villa Grove 2,472
3%
Viola 869
3%
Virden 3,231
3%
Wapella 513
3%
Warrensburg 1,110
3%
Washburn 1,032
3%
Watson 668
3%
Waynesville 381
3%
Weldon 369
3%
Westville 3,167
3%
Wheeler 96
3%
White Hall 2,295
3%
Wilsonville 536
3%
Winslow 281
3%
Zeigler 1,484
3%
Allerton 262
2%
Alsey 195
2%
Alvin 233
2%
Arenzville 367
2%
Armington 310
2%
Ashmore 637
2%
Bardolph 210
2%
Bartelso 635
2%
Basco 80
2%
Batchtown 170
2%
Baylis 172
2%
Beckemeyer 923
2%
Belknap 88
2%
Belle Prairie City 49
2%
Belle Rive 309
2%
Bentley 30
2%
Biggsville 300
2%
Bishop Hill 113
2%
Blandinsville 569
2%
Bluford 630
2%
Bone Gap 181
2%
Bonfield 351
2%
Bowen 464
2%
Broadlands 316
2%
Broadwell 136
2%
Brocton 273
2%
Brookport 725
2%
Broughton 185
2%
Browning 117
2%
Buckner 409
2%
Bulpitt 212
2%
Buncombe 207
2%
Burnt Prairie 36
2%
Cabery 231
2%
Camargo 452
2%
Campbell Hill 309
2%
Camp Point 1,121
2%
Cantrall 144
2%
Chandlerville 527
2%
Chapin 475
2%
Cisco 254
2%
Cisne 634
2%
Coalton 317
2%
Coffeen 647
2%
Coleta 167
2%
Colp 168
2%
Coulterville 834
2%
Cowden 515
2%
Crainville 1,443
2%
Crescent City 552
2%
Crossville 623
2%
Curran 213
2%
Cutler 361
2%
Cypress 217
2%
Dahlgren 504
2%
Dalzell 663
2%
Damiansville 564
2%
Danforth 594
2%
Deer Grove 38
2%
Dieterich 890
2%
Divernon 1,139
2%
Donnellson 153
2%
Donovan 251
2%
Dowell 368
2%
Du Bois 175
2%
Dunfermline 262
2%
Eagarville 114
2%
East Brooklyn 80
2%
East Carondelet 390
2%
East Gillespie 269
2%
Eddyville 99
2%
El Dara 63
2%
Eldred 149
2%
Ellis Grove 328
2%
Ellisville 87
2%
Elsah 519
2%
Emington 101
2%
Enfield 794
2%
Equality 539
2%
Ewing 300
2%
Fairmount 612
2%
Farina 540
2%
Ferris 127
2%
Fidelity 96
2%
Fieldon 176
2%
Findlay 664
2%
Fithian 488
2%
Flat Rock 323
2%
Foosland 75
2%
Freeman Spur 268
2%
Fults 28
2%
Garrett 122
2%
Gays 218
2%
Gladstone 234
2%
Godley 566
2%
Good Hope 363
2%
Gorham 173
2%
Grand Ridge 515
2%
Grantfork 341
2%
Griggsville 1,097
2%
Gulfport 42
2%
Hanaford 320
2%
Harvel 178
2%
Henning 210
2%
Herrick 358
2%
Hettick 149
2%
Hidalgo 111
2%
Hillview 94
2%
Hollowayville 36
2%
Hooppole 180
2%
Hopkins Park 597
2%
Hoyleton 520
2%
Huey 160
2%
Hume 325
2%
Hutsonville 478
2%
Industry 399
2%
Iola 98
2%
Ipava 447
2%
Irvington 581
2%
Irwin 68
2%
Iuka 512
2%
Ivesdale 265
2%
Jewett 196
2%
Joppa 350
2%
Kampsville 310
2%
Kangley 235
2%
Keenes 50
2%
Keithsburg 550
2%
Kempton 176
2%
Keyesport 406
2%
Kilbourne 265
2%
Kincaid 1,349
2%
Kinmundy 733
2%
Kinsman 90
2%
Kirkwood 678
2%
La Harpe 1,175
2%
Lake Ka-Ho 194
2%
La Rose 98
2%
Latham 333
2%
Lenzburg 468
2%
Leonore 121
2%
Lerna 226
2%
Little York 283
2%
Loami 812
2%
Lomax 404
2%
London Mills 350
2%
Long Creek 1,261
2%
Long Point 204
2%
Longview 112
2%
Loraine 300
2%
Lovington 1,069
2%
Lynnville 96
2%
Macedonia 30
2%
Maeystown 150
2%
Makanda 547
2%
Manlius 298
2%
Maquon 218
2%
Marietta 101
2%
Martinton 334
2%
Matherville 707
2%
McClure 256
2%
McNabb 275
2%
Media 121
2%
Medora 379
2%
Mendon 872
2%
Meredosia 826
2%
Mill Creek 59
2%
Millington 617
2%
Mill Shoals 176
2%
Modesto 182
2%
Morrisonville 997
2%
Mount Auburn 452
2%
Mount Clare 311
2%
Muddy 61
2%
Mulberry Grove 520
2%
Murrayville 567
2%
Nason 199
2%
Nebo 282
2%
New Burnside 153
2%
New Canton 334
2%
New Douglas 350
2%
New Grand Chain 150
2%
New Holland 275
2%
New Minden 175
2%
Niantic 612
2%
Nilwood 201
2%
Oakford 234
2%
Oconee 141
2%
Olmsted 285
2%
Oreana 891
2%
Orient 327
2%
Otterville 87
2%
Owaneco 209
2%
Panola 47
2%
Papineau 133
2%
Patoka 525
2%
Payson 1,025
2%
Pesotum 550
2%
Pierron 459
2%
Plainville 271
2%
Potomac 689
2%
Prairie du Rocher 502
2%
Radom 183
2%
Rankin 495
2%
Ransom 308
2%
Reddick 199
2%
Redmon 137
2%
Richview 238
2%
Ridge Farm 787
2%
Ridgway 851
2%
Ridott 124
2%
Ripley 53
2%
Rockwood 32
2%
Roodhouse 1,578
2%
Rosiclare 980
2%
Royal Lakes 167
2%
Ruma 313
2%
Russellville 98
2%
Sadorus 402
2%
Sammons Point 214
2%
Sawyerville 268
2%
Saybrook 654
2%
Seatonville 321
2%
Sherrard 692
2%
Shipman 511
2%
Sidell 489
2%
Sigel 329
2%
Sims 166
2%
Sorento 429
2%
South Wilmington 710
2%
Spillertown 181
2%
St. Augustine 119
2%
Stewardson 721
2%
St. Francisville 568
2%
St. Libory 628
2%
Stonefort 224
2%
Stonington 837
2%
Stoy 108
2%
Strawn 101
2%
Stronghurst 833
2%
Sun River Terrace 455
2%
Symerton 128
2%
Table Grove 353
2%
Tallula 434
2%
Tamaroa 544
2%
Taylor Springs 724
2%
Thawville 215
2%
Thayer 632
2%
Tilden 750
2%
Time 26
2%
Tiskilwa 740
2%
Tovey 464
2%
Tower Hill 485
2%
Ursa 609
2%
Valier 554
2%
Vergennes 235
2%
Waltonville 408
2%
Wamac 985
2%
Wataga 744
2%
West Brooklyn 131
2%
West Point 140
2%
West Salem 786
2%
Williamsfield 575
2%
Willisville 579
2%
Witt 785
2%
Woodhull 754
2%
Woodson 498
2%
Worden 1,096
2%
Wyanet 886
2%
Yates City 642
2%
Coatsburg 150
1%
Elvaston 147
1%
Golden Gate 65
1%
Hindsboro 275
1%
Jeisyville 102
1%
Keensburg 174
1%
Kinderhook 189
1%
La Prairie 42
1%
Maunie 91
1%
Metcalf 139
1%
Mound Station 117
1%
Mount Erie 98
1%
North Henderson 162
1%
Ohlman 109
1%
Old Ripley 82
1%
Phillipstown 34
1%
Pontoosuc 99
1%
Raritan 102
1%
Rockbridge 175
1%
Rose Hill 89
1%
Sailor Springs 89
1%
Schram City 563
1%
Sciota 38
1%
Scottville 93
1%
Shumway 188
1%
Smithboro 154
1%
Springerton 101
1%
Union Hill 55
1%
Venedy 121
1%
Waggoner 181
1%
Walnut Hill 95
1%
Walshville 61
1%
Wenonah 32
1%
Willow Hill 172
1%
No matching quizzes found
Score Distribution
Percent of People with Each Score
Percentile by Number Answered
Your Score History
You have not taken this quiz